Quick Pick: 6 Letter Countries Match II Quiz Stats

 Plays Quiz not verified by Sporcle

Challenge
Share
Tweet
Embed
Score 0/16 Timer 00:30
0 Plays Today
% Correct
bia
86.1%
nce
85.6%
via
84.5%
ael
84%
ece
82.9%
nda
81.3%
ama
81.3%
and
80.7%
% Correct
ait
80.2%
awi
79.1%
key
77.5%
nei
76.5%
zil
75.9%
bia
74.9%
ize
74.3%
aco
72.7%

You're not logged in!

Compare scores with friends on all Sporcle quizzes.
OR
Log In

You Might Also Like...

Show Comments

Extras

Top Quizzes Today


Score Distribution

Your Account Isn't Verified!

In order to create a playlist on Sporcle, you need to verify the email address you used during registration. Go to your Sporcle Settings to finish the process.

Report this User

Report this user for behavior that violates our Community Guidelines.

Details: